000 00637nam a2200205Ia 4500
003 GCL
008 140319s9999 xx 000 0 ara d
040 _aGCL /
_cGCL
082 0 4 _a370.15
_bد ت
100 1 _aميشال ابى فاضل
245 1 0 _aالتعليم المبرمج /
_cميشال ابى فاضل
700 1 _aدوموغولان موريس
260 _a[S.N] :
_bمنشورات عويدان ،
_c1986
300 _a173 ص
490 _aزدنى علما
_v0
650 0 4 _aالتخطيط التربوى
650 0 4 _aعلم النفس التربوى
650 0 4 _aالتعليم المبرمج
942 _2ddc
_cBK
999 _c36612
_d36612